| Поле | Инд. | ПП | Название | Значение |
|---|---|---|---|---|
| Тип записи | a | |||
| Библиографический уровень | a | |||
| 001 | Контрольный номер | 5908fe58d2394327884bd209143a58bc | ||
| 005 | Дата корректировки | 20160217150034.3 | ||
| 040 | a | Служба первич. каталог. | НБ ТвГУ | |
| b | Код языка каталог. | rus | ||
| e | Правила каталог. | PSBO | ||
| 041 | 0_ | a | Код языка текста | rus |
| 097 | b | Оператор | novikova | |
| 098 | b | Факультет | Психологии и социальной работы | |
| c | Кафедра | педагогики и социальной работы | ||
| 100 | 1_ | a | Автор | Суворина Елена Александровна |
| q | Полное имя | Суворина Е. А. | ||
| 245 | 11 | a | Заглавие | «С души срывая ветхие одежды…» |
| 260 | a | Место издания | Москва | |
| b | Издательство | Эврика | ||
| 440 | _0 | a | Серия | Библиотека культурно-образовательных инициатив |
| 520 | 0_ | a | Аннотация | Праздник - это одна из важнейших составляющих человеческого существования, как учеба, труд и отдых. Праздник как микрокосм и универсум культуры содержит в себе все ее элементы – музыку, песни, знаки, символы, обряды, ритуалы, лексику, церемонии, костюмы, вещи-атрибуты, игру и проч. |
| 653 | 0_ | a | Ключевые слова | Труды Тверского государственного университета |
| a | Ключевые слова | Круг | ||
| a | Ключевые слова | Календарный круг | ||
| a | Ключевые слова | Праздники | ||
| a | Ключевые слова | Образование | ||
| a | Ключевые слова | Масленица | ||
| a | Ключевые слова | Народный праздник | ||
| a | Ключевые слова | Школа | ||
| a | Ключевые слова | Блины | ||
| a | Ключевые слова | Народный праздник | ||
| 700 | 12 | a | Другие авторы | Базлов Григорий Николаевич |
| q | Полное имя | Базлов Г. Н. | ||
| 700 | 12 | a | Другие авторы | Юров Игорь |
| q | Полное имя | Юров И. | ||
| 773 | 18 | w | Контрольный № источника | RU/IS/BASE/386697392 |
| t | Название источника | Школа родной культуры, или Педагогика праздника | ||
| d | Место и дата издания | Москва : Эврика, 2005 | ||
| g | Прочая информация | С. 100-109 | ||
| 901 | t | Тип документа | a | |
| 920 | a | Оператор | Нови |